Pacificadores vs. oportunistas : la difícil implementación de un acuerdo de paz : el caso de El Salvador, 1992-1994 /

محفوظ في:
التفاصيل البيبلوغرافية
المؤلف الرئيسي: Zamudio González, Laura (autor)
التنسيق: كتاب
اللغة:الإسبانية
منشور في: México : Plaza y Valdés : Universidad Iberoamericana, Plantel Santa Fe, 2007, c2007
الموضوعات:
الوسوم: إضافة وسم
لا توجد وسوم, كن أول من يضع وسما على هذه التسجيلة!

MARC

LEADER 00000nam^a2200000^a^4500
001 000281401
005 20250521000000.0
009 20260310111533.675
020 |a 978-970-722-696-8 
020 |a 978-968-859-658-6 
037 |a Acervo ITESO - Biblioteca 
041 |a ESP 
082 |a 320. 97284056  |b ZAM 
100 |a Zamudio González, Laura  |e (autor) 
245 1 0 |a Pacificadores vs. oportunistas :  |b la difícil implementación de un acuerdo de paz : el caso de El Salvador, 1992-1994 /  |c L. Zamudio González. 
264 4 |a México :  |b Plaza y Valdés :  |b Universidad Iberoamericana, Plantel Santa Fe,  |c 2007, c2007 
300 |a 196 p. 
336 |a texto  |b txt  |2 rdacontenido 
337 |a sin mediación  |b n  |2 rdamedio 
338 |a volumen  |b nc  |2 rdasoporte 
649 |a XX 
650 |a Pacificación -  |z El Salvador -  |x Historia -  |y 1989-1994 -  |x Tema Principal 
650 |a Violencia Política -  |z El Salvador -  |x Historia 
650 |a Proceso Político -  |z El Salvador -  |x Historia 
650 |a Política -  |z El Salvador -  |x Historia -  |y 1989-1994 
650 |a Política -  |z El Salvador -  |x Historia -  |y Guerra Civil, 1979-1992 
650 |a Política -  |z El Salvador -  |x Historia -  |y Siglo XX 
910 |a Fondo General 
920 |a Impresos - Libros 
930 |a Colección General 
905 |a 101 
901 |a 0500167734  |b IT1  |c ACC  |u 20250521 
902 |a https://opac.biblio.iteso.mx/vufind/Record/000281401